书目信息 |
| 题名: |
有机化学实验
|
|
| 作者: | 袁开基 编著 | |
| 分册: | ||
| 出版信息: | 北京 人民卫生出版社 1955 |
|
| 页数: | 189页 | |
| 开本: | 20cm | |
| 丛书名: | ||
| 单 册: | ||
| 中图分类: | O62-33 | |
| 科图分类: | ||
| 主题词: | 有机化学 | |
| 电子资源: | ||
| ISBN: | ||
| 000 | 00557nam0 2200205 450 | |
| 001 | 0663523111 | |
| 005 | 20060801174005.17 | |
| 010 | @dCNY0.93 | |
| 100 | @a20060801d1955 km y0chiy0120 ea | |
| 101 | 0 | @achi |
| 102 | @aCN@b110000 | |
| 102 | @aCN@b110000 | |
| 200 | 1 | @a有机化学实验@Ayou ji hua xue shi yan@f袁开基等编著@Fyuan kai ji deng bian zhu |
| 210 | @a北京@c人民卫生出版社@d1955 | |
| 215 | @a189页@d20cm | |
| 606 | 0 | @a有机化学 |
| 690 | @aO62-33@v3 | |
| 701 | 0 | @a袁开基@Ayuan kai ji@4编著 |
| 801 | 0 | @aCN@bPFT@c20060801 |
| 905 | @a10447@dO62-33@e128 | |
| 有机化学实验/袁开基等编著.-北京:人民卫生出版社,1955 |
| 189页;20cm |
| ISBN :CNY0.93 |
| ● |
| 相关链接 |
|
|
|
|
正题名:有机化学实验
索取号:O62-33/128
 
预约/预借
| 序号 | 登录号 | 条形码 | 馆藏地/架位号 | 状态 | 备注 |
| 1 | 0434305 | 204343059 | 密集书库/ [索取号:O62-33/128] | 在馆 |